Cách dùng các thì trong Anh ngữ và động từ bất quy tắc kèm thí dụ
Guardado en:
| Autor principal: | |
|---|---|
| Formato: | Libro |
| Lenguaje: | Undetermined |
| Publicado: |
Tp. HCM
Trẻ
1997
|
| Materias: | |
| Etiquetas: |
Agregar Etiqueta
Sin Etiquetas, Sea el primero en etiquetar este registro!
|
| Thư viện lưu trữ: | Trung tâm Học liệu Trường Đại học Cần Thơ |
|---|
| LEADER | 00583nam a2200169Ia 4500 | ||
|---|---|---|---|
| 001 | CTU_28817 | ||
| 008 | 210402s9999 xx 000 0 und d | ||
| 082 | |a 425 | ||
| 082 | |b H401 | ||
| 100 | |a Nguyễn Đức Hòa | ||
| 245 | 0 | |a Cách dùng các thì trong Anh ngữ và động từ bất quy tắc kèm thí dụ | |
| 245 | 0 | |c Nguyễn Đức Hòa, Hồ Văn Hiệp | |
| 260 | |a Tp. HCM | ||
| 260 | |b Trẻ | ||
| 260 | |c 1997 | ||
| 650 | |a english language - tense,english language - verb | ||
| 980 | |a Trung tâm Học liệu Trường Đại học Cần Thơ | ||